书目信息 |
| 题名: |
教育教学知识与能力
|
|
| 作者: | 邵泽斌 册主编 | |
| 分册: | 小学 | |
| 出版信息: | 南京 南京师范大学出版社 2015 |
|
| 页数: | 209页 | |
| 开本: | 26cm | |
| 丛书名: | ||
| 单 册: | ||
| 中图分类: | G451.1 , G625.1 | |
| 科图分类: | ||
| 主题词: | 教师--jiao shi--资格考试--教材 , 小学教师--xiao xue jiao shi--教学能力--资格考试--教材 | |
| 电子资源: | ||
| ISBN: | 978-7-5651-2349-8 | |
| 000 | 00913nam0 22002651 450 | |
| 001 | 1754568606 | |
| 005 | 20170516112211.0 | |
| 010 | @a978-7-5651-2349-8@dCNY40.00 | |
| 100 | @a20160418d2015 em y0chiy50 ea | |
| 101 | 0 | @achi |
| 102 | @aCN@b320000 | |
| 105 | @ay z 000yy | |
| 106 | @ar | |
| 200 | 1 | @a教育教学知识与能力@9jiao yu jiao xue zhi shi yu neng li@i小学@f邵泽斌册主编 |
| 210 | @a南京@c南京师范大学出版社@d2015 | |
| 215 | @a209页@d26cm | |
| 300 | @a中小学和幼儿园教师资格国家考试教材/傅康生、潘百齐主编 | |
| 330 | @a本书共七章,包括教育基础、学生指导、班级管理、学科知识、教学设计、教学实施、教学评价。 | |
| 606 | 0 | @a教师@9jiao shi@x资格考试@j教材 |
| 606 | 0 | @a小学教师@9xiao xue jiao shi@x教学能力@x资格考试@j教材 |
| 690 | @aG451.1@v5 | |
| 690 | @aG625.1@v5 | |
| 701 | 0 | @a邵泽斌@9shao ze bin@f(1970~)@4册主编 |
| 801 | 0 | @aCN@b百万庄@c20170513 |
| 905 | @b1006896-901@dG451.1@e170@f6 | |
| 教育教学知识与能力.小学/邵泽斌册主编.-南京:南京师范大学出版社,2015 |
| 209页;26cm |
| 中小学和幼儿园教师资格国家考试教材/傅康生、潘百齐主编 |
| ISBN 978-7-5651-2349-8:CNY40.00 |
| 本书共七章,包括教育基础、学生指导、班级管理、学科知识、教学设计、教学实施、教学评价。 |
| ● |
| 相关链接 |
|
|
|
|
正题名:教育教学知识与能力
索取号:G451.1/170
 
预约/预借
| 序号 | 登录号 | 条形码 | 馆藏地/架位号 | 状态 | 备注 |
| 1 | 1006896 | 210068969 | 第一样本阅览室/ [索取号:G451.1/170] | 在馆 | |
| 2 | 1006897 | 210068978 | 教育系资料室/ [索取号:G451.1/170] | 在馆 | |
| 3 | 1006898 | 210068987 | 教育系资料室/ [索取号:G451.1/170] | 在馆 | |
| 4 | 1006899 | 210068996 | 教育系资料室/ [索取号:G451.1/170] | 在馆 | |
| 5 | 1006900 | 210069003 | 第四借阅区/ [索取号:G451.1/170] | 在馆 | |
| 6 | 1006901 | 210069012 | 第四借阅区/ [索取号:G451.1/170] | 在馆 |